Отражение идей национальной философии в китайской эргонимии (на материале названий заведений общественного питания); Научная инициатива иностранных студентов и аспирантов российских вузов

Detaylı Bibliyografya
Parent link:Научная инициатива иностранных студентов и аспирантов российских вузов.— 2011.— [С. 544-546]
Yazar: Лю Сяолинь
Diğer Yazarlar: Старикова Г. Н. (научный руководитель)
Özet:Заглавие с экрана.
Электронная версия печатной публикации
Dil:Rusça
Baskı/Yayın Bilgisi: 2011
Konular:
Online Erişim:http://www.lib.tpu.ru/fulltext/v/Conferences/2011/K04/114162.pdf
Materyal Türü: MixedMaterials Elektronik Kitap Bölümü
KOHA link:https://koha.lib.tpu.ru/cgi-bin/koha/opac-detail.pl?biblionumber=214091

MARC

LEADER 00000naa2a2200000 4500
001 214091
005 20260116162327.0
035 |a (RuTPU)RU\TPU\book\233940 
035 |a RU\TPU\book\233939 
090 |a 214091 
100 |a 20120419d2011 k y0rusy50 ca 
101 0 |a rus 
102 |a RU 
135 |a drnn ---uucaa 
181 0 |a i  
182 0 |a b 
200 1 |a Отражение идей национальной философии в китайской эргонимии (на материале названий заведений общественного питания)  |f Лю Сяолинь  |g науч. рук. Г. Н. Старикова 
203 |a Текст  |c электронный 
215 |a 1 файл (395 Кб) 
300 |a Заглавие с экрана. 
300 |a Электронная версия печатной публикации 
337 |a Adobe Reader 
463 1 |0 (RuTPU)RU\TPU\book\227679  |t Научная инициатива иностранных студентов и аспирантов российских вузов  |o сборник докладов IV Всероссийской научно-практической конференции, Томск, 19-21 мая 2011 г.  |f Ассоциация иностранных студентов в России (АИС) ; Национальный исследовательский Томский политехнический университет (ТПУ), Институт международного образования и языковой коммуникации (ИМОЯК)  |v [С. 544-546]  |d 2011 
610 1 |a философия 
610 1 |a национальности 
610 1 |a эргонимы 
610 1 |a названия 
610 1 |a образы 
610 1 |a общественное питание 
610 1 |a слова 
610 1 |a китайский язык 
610 1 |a национальные особенности 
610 1 |a электронный ресурс 
610 1 |a заведения 
700 0 |a Лю Сяолинь 
702 1 |a Старикова  |b Г. Н.  |4 727 
801 1 |a RU  |b 63413507  |c 20120301 
801 2 |a RU  |b 63413507  |c 20160910  |g RCR 
856 4 |u http://www.lib.tpu.ru/fulltext/v/Conferences/2011/K04/114162.pdf 
942 |c CF